中央競馬 クラシック競争優勝馬 - Statistics

General Stats
  • This quiz has been taken 165 times
    79 since last reset
  • The average score is 50 of 105
Answer Stats
年度 備考 優勝馬 % Correct
2005 6代目三冠馬 ディープインパクト
94%
1984 4代目三冠馬 シンボリルドルフ
90%
2011 7代目三冠馬 オルフェーヴル
88%
1994 5代目三冠馬 ナリタブライアン
85%
2020 8代目三冠馬 コントレイル
85%
東京優駿 ウオッカ
83%
2012 皐月賞・菊花賞 ゴールドシップ
81%
菊花賞 キタサンブラック
79%
1991 皐月賞・東京優駿 トウカイテイオー
77%
東京優駿 ドウデュース
75%
東京優駿 スペシャルウィーク
71%
1999 皐月賞 テイエムオペラオー
71%
2015 皐月賞・東京優駿 ドゥラメンテ
71%
東京優駿 ジャングルポケット
69%
東京優駿 アドマイヤベガ
67%
東京優駿 キズナ
67%
2021 皐月賞 エフフォーリア
67%
1992 皐月賞・東京優駿 ミホノブルボン
65%
1993 皐月賞 ナリタタイシン
65%
菊花賞 ビワハヤヒデ
65%
菊花賞 マヤノトップガン
65%
菊花賞 メジロマックイーン
63%
東京優駿 ウイニングチケット
63%
2000 皐月賞・菊花賞 エアシャカール
63%
2001 皐月賞 アグネスタキオン
63%
東京優駿 ディープスカイ
63%
菊花賞 サトノダイヤモンド
63%
東京優駿 クロワデュノール
63%
菊花賞 スーパークリーク
60%
1998 皐月賞・菊花賞 セイウンスカイ
60%
菊花賞 キセキ
60%
2025 皐月賞 ミュージアムマイル
60%
菊花賞 ライスシャワー
58%
菊花賞 ナリタトップロード
58%
2003 皐月賞・東京優駿 ネオユニヴァース
58%
東京優駿 ダノンデサイル
58%
菊花賞 マンハッタンカフェ
54%
2006 皐月賞・東京優駿 メイショウサムソン
54%
菊花賞 エピファネイア
54%
東京優駿 ワグネリアン
54%
菊花賞 タイトルホルダー
54%
東京優駿 タスティエーラ
54%
1997 皐月賞・東京優駿 サニーブライアン
52%
東京優駿 アグネスフライト
52%
東京優駿 シャフリヤール
52%
菊花賞 エネルジコ
52%
東京優駿 マカヒキ
50%
2023 皐月賞 ソールオリエンス
50%
菊花賞 ドゥレッツァ
50%
東京優駿 サクラチヨノオー
48%
東京優駿 タニノギムレット
48%
東京優駿 キングカメハメハ
48%
東京優駿 ロジャーバローズ
48%
東京優駿 シリウスシンボリ
46%
菊花賞 マチカネフクキタル
46%
東京優駿 エイシンフラッシュ
46%
2013 皐月賞 ロゴタイプ
46%
東京優駿 アイネスフウジン
44%
2002 皐月賞 ノーリーズン
44%
2010 皐月賞 ヴィクトワールピサ
44%
東京優駿 ワンアンドオンリー
44%
1985 皐月賞・菊花賞 ミホシンザン
42%
菊花賞 ヒシミラクル
42%
東京優駿 ディープブリランテ
42%
2019 皐月賞 サートゥルナーリア
42%
2022 皐月賞 ジオグリフ
42%
菊花賞 アスクビクターモア
42%
2024 皐月賞 ジャスティンミラノ
42%
1987 皐月賞・菊花賞 サクラスターオー
40%
菊花賞 アーバンシック
40%
東京優駿 ウィナーズサークル
38%
2004 皐月賞 ダイワメジャー
38%
東京優駿 ロジユニヴァース
38%
東京優駿 レイデオロ
38%
1988 皐月賞 ヤエノムテキ
35%
東京優駿 フサイチコンコルド
35%
菊花賞 ワールドプレミア
35%
2017 皐月賞 アルアイン
33%
菊花賞 ビッグウィーク
31%
菊花賞 トーホウジャッカル
31%
菊花賞 フィエールマン
31%
菊花賞 ザッツザプレンティ
29%
2007 皐月賞 ヴィクトリー
29%
2018 皐月賞 エポカドーロ
29%
菊花賞 レオダーバン
27%
東京優駿 メリーナイス
25%
菊花賞 ダンスインザダーク
25%
2014 皐月賞 イスラボニータ
25%
東京優駿 タヤスツヨシ
23%
1996 皐月賞 イシノサンデー
23%
菊花賞 スリーロールス
23%
2016 皐月賞 ディーマジェスティ
23%
1990 皐月賞 ハクタイセイ
21%
1995 皐月賞 ジェニュイン
21%
菊花賞 デルタブルース
21%
2008 皐月賞 キャプテントゥーレ
21%
菊花賞 オウケンブルースリ
21%
菊花賞 ソングオブウインド
19%
菊花賞 アサクサキングス
19%
2009 皐月賞 アンライバルド
19%
菊花賞 メジロデュレン
15%
1989 皐月賞 ドクタースパート
15%
東京優駿 ダイナガリバー
10%
菊花賞 バンブービギン
10%
1986 皐月賞 ダイナコスモス
6%
No matching quizzes found
Score Distribution
Percent of People with Each Score
Percentile by Number Answered
Your Score History
You have not taken this quiz since the last reset